Under the green canopy; (Record no. 88672)

MARC details
000 -LEADER
fixed length control field 00647cam a2200217 4500
001 - CONTROL NUMBER
control field sa 68018833
003 - CONTROL NUMBER IDENTIFIER
control field DLC
005 - DATE AND TIME OF LATEST TRANSACTION
control field 20260227112715.0
008 - FIXED-LENGTH DATA ELEMENTS--GENERAL INFORMATION
fixed length control field 710929s1966 pk 00000 eng
010 ## - LIBRARY OF CONGRESS CONTROL NUMBER
LC control number sa 68018833 //r912
025 ## - OVERSEAS ACQUISITION NUMBER
Overseas acquisition number PL480:P-E-1033
040 ## - CATALOGING SOURCE
Original cataloging agency DLC
Transcribing agency DLC
Modifying agency DLC
041 1# - LANGUAGE CODE
Language code of text/sound track or separate title engmul
050 00 - LIBRARY OF CONGRESS CALL NUMBER
Classification number PK5461.A1
Item number A37
110 20 - MAIN ENTRY--CORPORATE NAME
Corporate name or jurisdiction name as entry element Afro-Asian Book Club.
245 10 - TITLE STATEMENT
Title Under the green canopy;
Remainder of title selections from contemporary creative writings of Pakistan.
250 ## - EDITION STATEMENT
Edition statement [1st ed.
260 1# - PUBLICATION, DISTRIBUTION, ETC.
Place of publication, distribution, etc. Lahore,
Date of publication, distribution, etc. 1966]
300 ## - PHYSICAL DESCRIPTION
Extent 308 p. (p. 289-308 advertisements)
Dimensions 19 cm.
650 #0 - SUBJECT ADDED ENTRY--TOPICAL TERM
Topical term or geographic name entry element Pakistani literature
General subdivision Translations into English.

No items available.

Powered by Koha